Νέα μαθηματικά του νηπιαγωγείου : βιβλίο του μαθητού

Αποθηκεύτηκε σε:
Λεπτομέρειες βιβλιογραφικής εγγραφής
Κύριος συγγραφέας: Μιχοπούλου, Μαρία
Μορφή: Βιβλίο
Γλώσσα:Greek
Δημοσίευση: Αθήναι : Α.Καραβίας, 1974
Θέματα:
Ετικέτες: Προσθήκη ετικέτας
Δεν υπάρχουν, Καταχωρήστε ετικέτα πρώτοι!

MARC

LEADER 00000nam a2200000 i 4500
001 1/72936
008 961120s1974 gre d
035 |a 1996  |b 3  |c Δωρεά  |l 10031381 
040 |a GR-MY-UA  |b gre  |e aacr 
041 0 |a gre 
082 0 |a 372.218 
100 1 |a Μιχοπούλου, Μαρία. 
245 1 0 |a Νέα μαθηματικά του νηπιαγωγείου :  |b βιβλίο του μαθητού /  |c Μαρία Μιχοπούλου 
260 |a Αθήναι :   |b Α.Καραβίας,   |c 1974 
300 |a 96 σ. 
650 0 0 |a Education, Primary  |z Greece. 
650 0 0 |a Mathematics  |x Study and teaching (Primary) 
852 |a INST  |b RHODES  |e 19961120  |h 372.218 ΜΙΧ  |p 005400006846  |q 005400006846  |t BK  |y 0 
909 |a Ρ  |b 048731  |c 1996 
970 |z 2000/08/ΔΕΜΕΝΑΓΑΣ ΠΕΤΡΟΣ